Reorganizing the high-school curriculum (Record no. 57968)
[ view plain ]
| 000 -LEADER | |
|---|---|
| fixed length control field | 00458 a2200169 4500 |
| 082 ## - DEWEY DECIMAL CLASSIFICATION NUMBER | |
| Classification number | 373 |
| Item number | Al14 |
| 100 ## - MAIN ENTRY--PERSONAL NAME | |
| Personal name | Albert, Harold Bernard,1890- |
| 9 (RLIN) | 17587 |
| 245 ## - TITLE STATEMENT | |
| Title | Reorganizing the high-school curriculum |
| 260 ## - PUBLICATION, DISTRIBUTION, ETC. | |
| Place of publication, distribution, etc. | New York |
| Name of publisher, distributor, etc. | Macmillan |
| Date of publication, distribution, etc. | 1953 |
| 300 ## - PHYSICAL DESCRIPTION | |
| Extent | 560p. illus. |
| 650 ## - SUBJECT ADDED ENTRY--TOPICAL TERM | |
| Topical term or geographic name entry element | Curriculum |
| 9 (RLIN) | 4921 |
| 650 ## - SUBJECT ADDED ENTRY--TOPICAL TERM | |
| Topical term or geographic name entry element | Lesson plan |
| 9 (RLIN) | 17072 |
| 650 ## - SUBJECT ADDED ENTRY--TOPICAL TERM | |
| Topical term or geographic name entry element | School management |
| 9 (RLIN) | 6429 |
| 650 ## - SUBJECT ADDED ENTRY--TOPICAL TERM | |
| Topical term or geographic name entry element | High schools |
| 653 ## - INDEX TERM--UNCONTROLLED | |
| Uncontrolled term | Secondary education |
| 942 ## - ADDED ENTRY ELEMENTS (KOHA) | |
| Source of classification or shelving scheme | Dewey Decimal Classification |
| Koha item type | General Collections |
| Withdrawn status | Lost status | Source of classification or shelving scheme | Damaged status | Not for loan | Home library | Current library | Date acquired | Total Checkouts | Full call number | Barcode | Date last seen | Price effective from | Koha item type |
|---|---|---|---|---|---|---|---|---|---|---|---|---|---|
| Dewey Decimal Classification | Tribhuvan University Central Library | Tribhuvan University Central Library | 02/16/2011 | 373 Al14 | G14623 | 02/16/2011 | 02/16/2011 | General Collections |
